[Event "Dundee & Angus Minor"]
[Site "Dundee"]
[Date "2016.10.08"]
[Round "3"]
[White "Mathieson, Liam"]
[Black "Dallas, Alastair"]
[Result "1-0"]
[WhiteElo "1208"]
[BlackElo "1098"]
[PlyCount "79"]
[EventDate "2016.10.07"]
[EventType "swiss"]
[EventRounds "5"]
[EventCountry "SCO"]
[SourceTitle "EXT 2023"]
[Source "ChessBase"]
[SourceDate "2022.10.05"]
[SourceVersion "1"]
[SourceVersionDate "2022.10.05"]
[SourceQuality "1"]

1. Nf3 d5 2. d4 e6 3. Bf4 Be7 4. e3 Nf6 5. Bd3 Nh5 6. Bg3 g6 7. Nbd2 Nxg3 8. hxg3 Nc6 9. c3 Bd7 10. Bb5 a6 11. Ba4 b5 12. Bc2 Bf6 13. e4 Ne7 14. e5 Bg7 15. a4 Qb8 16. b4 Nc8 17. a5 Ne7 18. Rh3 f6 19. Nb3 c6 20. Nc5 Bc8 21. Qe2 fxe5 22. dxe5 0-0 23. 0-0-0 Nf5 24. Bxf5 Rxf5 25. g4 Rf4 26. Ng5 Bxe5 27. Rxh7 Ra7 28. Rxa7 Bxc3 29. Re7 e5 30. Re8+ Kg7 31. Nce6+ Kf6 32. Rf8+ Ke7 33. Rf7+ Kd6 34. Nxf4 Bxb4 35. Nd3 Ba3+ 36. Kb1 e4 37. Ka2 b4 38. Nxe4+ Ke6 39. Ng5+ Kd6 40. Qe7# 1-0

[Event "Dundee & Angus Minor"]
[Site "Dundee"]
[Date "2015.10.10"]
[Round "3"]
[White "Mathieson, Liam"]
[Black "MacMillan, Malcolm1111"]
[Result "0-1"]
[WhiteElo "786"]
[BlackElo "1271"]
[PlyCount "104"]
[EventDate "2015.10.09"]
[EventType "swiss"]
[EventRounds "5"]
[EventCountry "SCO"]
[SourceTitle "EXT 2023"]
[Source "ChessBase"]
[SourceDate "2022.10.05"]
[SourceVersion "1"]
[SourceVersionDate "2022.10.05"]
[SourceQuality "1"]

1. d4 d5 2. e4 dxe4 3. f3 exf3 4. Nxf3 Nf6 5. Bc4 c6 6. h4 Bg4 7. Ne5 Be6 8. Bxe6 fxe6 9. Bg5 Nbd7 10. Bxf6 Nxf6 11. Nc3 g6 12. Qf3 Qc7 13. Ne4 Bg7 14. Nc5 Qd8 15. g4 0-0 16. 0-0-0 Nd7 17. Qd3 Nxc5 18. dxc5 Bxe5 19. h5 Bf4+ 20. Kb1 g5 21. h6 e5 22. Qc4+ Rf7 23. Rhg1 Qf8 24. a3 Qxh6 25. Rd7 Qf8 26. Rgd1 Kg7 27. Qd3 e6 28. b4 Rxd7 29. Qxd7+ Qf7 30. Qd3 Rf8 31. Rh1 Qg6 32. Qd7+ Rf7 33. Qd1 b6 34. cxb6 axb6 35. Qd6 e4 36. Qd4+ e5 37. Qxb6 e3 38. Qa6 Qe4 39. Re1 Bg3 40. Re2 Qxg4 41. Rxe3 Qd1+ 42. Kb2 Qd4+ 43. Rc3 Be1 44. Qxc6 Bxc3+ 45. Qxc3 Qxc3+ 46. Kxc3 g4 47. b5 g3 48. b6 g2 49. a4 g1Q 50. Kb2 Qxb6+ 51. Ka3 Rb7 52. Ka2 Qb2# 0-1